| 000 | 00603cab a2200193 4500 | ||
|---|---|---|---|
| 001 | ABS41023 | ||
| 008 | 090401t1989 xxu||||| |||| 00| 0 eng d | ||
| 035 | _a(Sirsi) u27607 | ||
| 041 | _aeng | ||
| 100 | _aNash, T. | ||
| 245 | _aPutting your mouth where your money is | ||
| 260 | _c1989 | ||
| 350 | _a0 | ||
| 490 |
_aProperty Director _vSummer 1989, 22-25(4) |
||
| 520 | _aDescribes new marketing techniques used by the commercial property world including the painting of hoardings and the ethics of advertising . | ||
| 690 | _aPROPERTY-COMMERCIAL PROPERTY | ||
| 942 | _n0 | ||
| 948 | _c04/03/1997 | ||
| 999 |
_c18588 _d18588 |
||